| 000 | 00773cab a2200205 4500 | ||
|---|---|---|---|
| 001 | WB2941-57 | ||
| 008 | 090401t1993 xxu||||| |||| 00| 0 eng d | ||
| 035 | _a(Sirsi) u62866 | ||
| 041 | _aeng | ||
| 245 | _aInefficiences from bad design management | ||
| 260 | _c1993 | ||
| 350 | _a0 | ||
| 490 |
_aBuilding _v258(7818) 5 November 1993, 13(1) |
||
| 520 | _aArchitects are set to suffer a blow from the publication of a report from Reading University "The successful management of design - a handbook of building design management" which questions their traditional role as leaders of the project team. | ||
| 650 | _aDEVELOPMENT TEAM | ||
| 650 | _aPROJECT TEAM | ||
| 690 | _aMANAGEMENT-BUSINESS MANAGEMENT-PROFESSIONAL PRACTICE | ||
| 942 | _n0 | ||
| 948 | _c04/03/1997 | ||
| 999 |
_c39050 _d39050 |
||